Score 0/48 Timer 10:00
0 Plays Today
Character % Correct
Angel
99.6%
Buffy Summers
99.6%
Willow Rosenberg
99.1%
Xander Harris
98.7%
Rupert Giles
98.3%
Spike
98%
Cordelia Chase
97.7%
Tara Maclay
93.7%
Wesley Wyndam-Pryce
93.2%
Joyce Summers
93.1%
Dawn Summers
92.6%
Drusilla
92.3%
Anyanka
90.9%
Faith Lehane
90.2%
Darla
89.5%
Riley Finn
88.6%
Daniel Osbourne
87.6%
Andrew Wells
87.1%
The Master
86.5%
Winifred Burkle
86.3%
Jonathan Levinson
86.3%
Warren Mears
85.4%
Charles Gunn
85.3%
Glory
82.9%
Character % Correct
Harmony Kendall
82.5%
Richard Wilkins
80.6%
Adam
79.8%
Krevlornswath
77.5%
Connor Angel
75.6%
Kennedy
74.7%
Lindsey McDonald
72.3%
Lilah Morgan
71.3%
Forrest Gates
67.4%
Ben
67.3%
Principal R. Snyder
66.2%
Jenny Calendar
64.4%
Allen Francis Doyle
64.2%
Graham Miller
60.5%
Robin Wood
53.8%
Maggie Walsh
51.3%
Amanda
47%
Daniel Holtz
46.7%
Eve
45.5%
Kate Lockley
44.6%
Gavin Park
38.1%
The Beast
34%
Justine Cooper
33.3%
The Groosalugg
19.5%

You're not logged in!

Compare scores with friends on all Sporcle quizzes.
OR
Log In

Sporcle TV

Today on Sporcle TV


Watch our educational content, quiz creation guides, and fun videos on Sporcle TV.

Show Comments

Extras

Top Quizzes Today


Score Distribution

Paid Content

Your Account Isn't Verified!

In order to create a playlist on Sporcle, you need to verify the email address you used during registration. Go to your Sporcle Settings to finish the process.

Report this User

Report this user for behavior that violates our Community Guidelines.

Details: